000 00298nam a22001337a 4500
008 181126b xxu||||| |||| 00| 0 eng d
020 _a9780471465928
041 _aeng
080 _24 TH
_a573
100 _a11
101 _aBIO
245 _aCell Molecular Biology
_cKarp.G
942 _2udc
_cBK
999 _c52487
_d52487